| 000 | 00916nam a2200277 u 4500 | ||
|---|---|---|---|
| 001 | 000055846 | ||
| 005 | 20200120223153.0 | ||
| 008 | 130418s2003 ck er 000 p spa d | ||
| 020 | _a849764459X. | ||
| 043 | _ae-fr--- | ||
| 090 |
_aAP _bBAUC Edimat |
||
| 100 | 1 |
_aBaudelaire, Charles Pierre, _d1821-1867. |
|
| 245 | 1 | 4 |
_aLas flores del mal / _cCharles Baudelaire ; traducción Enrrique López Castellón. |
| 260 |
_aBogotá : _bEdimat Libros, _c2003. |
||
| 300 | _a270 p. | ||
| 490 | 0 |
_aClásicos de la literatura _v50 |
|
| 500 | _aTítulo original : Les fleurs du mal. | ||
| 500 | _aTexto en francés y español. | ||
| 650 | 1 | 4 | _aPoesía adulto francesa. |
| 650 | 2 | 4 | _aLiteratura adulto francesa. |
| 650 | 2 | 4 | _aMuerte en la literatura. |
| 650 | 2 | 4 | _aAmor en la literatura. |
| 650 | 1 | 4 | _aVejez en la literatura. |
| 650 | 2 | 4 | _aVinos en la literatura. |
| 700 | 1 |
_aLópez Castellón, Enrique, _etraductor. |
|
| 999 |
_c5392 _d5392 |
||